000 00660nam a2200289Ia 4500
005 20260324125304.0
008 008 260324s9999 xx 000 0 eng d
020 _a9780429130977
037 _aEBOOK
040 _aCRL
040 _beng
040 _cCRL
041 _2eng
041 _aeng
084 _qCRL
100 _aPeter L. Jackson
_91177414
245 0 _aGetting Design Right
245 2 _bA Systems Approach
260 _bTaylor and Francis
260 _c2009
365 _a
365 _b195
856 _uhttp://www.taylorfrancis.com/books/9780429130977
942 _cEBOOK
999 _c1772527
_d1772527